| 000 | 00617nam a2200157 i 4500 | ||
|---|---|---|---|
| 001 | 77483 | ||
| 003 | ES-MaACL | ||
| 007 | t| | ||
| 008 | 041019s1982 sp ||||1| spa d | ||
| 100 | 1 |
_aAngulo Usategui, José María. _921793 |
|
| 245 | 1 | 0 |
_aElectrónica fundamental [ _h1. Teoría: introducción a la electrónica; electricidad. Práctica: soldadura y montajes eléctricos; el aparato de medida; componentes eléctricos y electrónicos] / _cJosé María Angulo Usategui. |
| 250 | _a3ª ed. | ||
| 260 |
_aMadrid : _bParaninfo, _c1982 ( _fAlco) |
||
| 300 |
_a188 p. ; _c22 cm. |
||
| 852 |
_aES-MaACL _jL-4141 _bR.104315 |
||
| 999 |
_c77483 _d77483 |
||